| 000 | 00000nam##2200000za#4500 |
| 001 | 9.691626 |
| 003 | CaOODSP |
| 005 | 20210624232842 |
| 007 | cr ||||||||||| |
| 008 | 150407|2008||||xxc|||||o f|0| 0 eng|d |
| 020 | |a978-1-100-11305-0 |
| 040 | |aCaOODSP|beng |
| 043 | |an-cn--- |
| 086 | 1 |aX9-31/2008E-PDF |
| 110 | 1 |aCanada. |bParliament. |bHouse of Commons. |
| 245 | 12|aA guide for witnesses appearing before committees of the House of Commons / |h[electronic resource]|cproduced by Procedural Services of the House of Commons. |
| 260 | |aOttawa - Ontario : |bHouse of Commons |cOctober 2008. |
| 300 | |a16p. |
| 500 | |aThe catalogue number (X9-31/2008) and ISBN (978-0-662-06367-4) for the bilingual print edition have been incorrectly copied in this PDF version. |
| 590 | |a10-09-Supp|b2010-11-02 |
| 690 | 07|aParliamentary committees|2gcpds |
| 775 | 08|tGuide des témoins comparaissant devant un comité de la Chambre des communes / |w(CaOODSP)9.635952 |
| 856 | 40|ahttp://publications.gc.ca|qPDF|s7125 KB|uhttps://publications.gc.ca/collections/collection_2010/parl/X9-31-2008-eng.pdf |